| 000 | 00537nam a2200193 a 4500 | ||
|---|---|---|---|
| 001 | 000032717 | ||
| 003 | DO-SdBNP | ||
| 005 | 20220921151312.0 | ||
| 007 | ta | ||
| 008 | 090331s195- dr 000 0 spa d | ||
| 040 |
_aDO-SdBNP _bspa _cBNPHU |
||
| 049 | _aBNPD | ||
| 082 | 4 |
_bL579 _222 |
|
| 100 | 1 |
_aLeon Marte S., Pedro _958569 |
|
| 245 | 1 | 0 |
_aNuestra historia mística / _cPedro Leon Marte S. |
| 260 |
_aCiudad Trujillo, República Dominicana : _bImpr. La Democrática, _c[195-]. |
||
| 300 |
_a135 p. ; _c22 cm. |
||
| 942 |
_2ddc _cLBS1 |
||
| 999 |
_c32208 _d32208 |
||